00559nam a2200181Ia 4500003000400000005001700004008004100021040001800062041000800080082002100088100002200109245008300131250001200214260005300226300002400279650004000303650003400343OSt20241210105309.0210716s1963 xx 000 0 und d cAIMIT LIBRARY aeng a808.83 21bFRAV aFrankl, Viktor E. aMans search for meaning: bintroduction to logotherapy /cBy Viktor E Frankl. a1st ed. aNew York :bWashington square press inc ;c1963. a214p. ;bPBc16 cm. aExperiences in a concentration camp aBasic concepts of logotherapy